Statistics for The Last of Us TV series cast

Click here to take the quiz!

General Stats

  • This quiz has been taken 11 times
  • The average score is 7 of 17

Answer Stats

HintAnswer% Correct
Ellie WilliamsBella Ramsey
100%
Joel MillerPedro Pascal
100%
Sarah MillerNico Parker
73%
Tess ServopoulosAnna Torv
64%
Tommy MillerGabriel Luna
45%
FrankMurray Bartlett
45%
BillNick Offerman
45%
Dr. NeumanJohn Hannah
36%
HenryLamar Johnson
36%
KathleenMelanie Lynskey
36%
JamesTroy Baker
36%
MarleneMerle Dandridge
27%
Dr. SchoenheissChristopher Heyerdahl
18%
PerryJeffery Pierce
18%
MurrayJosh Brener
18%
Ratna PertiwiChristine Hakim
9%
SamKeivonn Woodard
9%

Score Distribution

Percentile by Number Answered

Percent of People with Each Score

Your Score History

You have not taken this quiz